000 00459cam a2200181ua 4500
020 _c5.50
041 _ahin
_h
082 _a891.54
_bVID/BH
100 _aVidyavati, Mlaiya .
245 _aBharathiya shiksha tatha adunik vichardaryem /
_cVidyavati Mlaiya.
_hTextual Documents
250 _a1 /
_b.
260 _aDelhi :
_bRajkamal Prakashan ,
_c1961.
300 _a294 ; .
365 _a5.50
504 _a
942 _cBK
999 _c8329
_d8329